Storage location problem

Problémy uskladňovania. Lokalizácia na základe Euklidovej roviny. Lokalizácia sieťového uhla. Optimalizácia distribučných kanálov. Generalizácia techník pre nové skladisko. Algoritmy.

Guardado en:
Detalles Bibliográficos
Autor principal: Brezina, Ivan, 1963-
Otros Autores: Pekár, Juraj, 1972-, Čičková, Zuzana, 1978-
Formato: Capítulo de libro
Lenguaje:inglés
Materias:
Etiquetas: Agregar Etiqueta
Sin Etiquetas, Sea el primero en etiquetar este registro!

MARC

LEADER 00000naa$a2200000$$$4500
001 0050478
005 20240502071600.2
041 0 |a eng 
044 |a SK 
245 1 0 |a Storage location problem  |c Ivan Brezina, Juraj Pekár, Zuzana Čičková 
520 |a Problémy uskladňovania. Lokalizácia na základe Euklidovej roviny. Lokalizácia sieťového uhla. Optimalizácia distribučných kanálov. Generalizácia techník pre nové skladisko. Algoritmy. 
610 2 0 |a sklady 
610 2 0 |a lokalizácia 
610 2 0 |a kanály distribučné 
610 2 0 |a logistika 
610 2 0 |a algoritmy 
100 1 |a Brezina, Ivan, 1963- 
700 1 |a Pekár, Juraj, 1972- 
700 1 |a Čičková, Zuzana, 1978-